Segunda parte del Ingenioso Caballero Don Quixote de la Mancha (Record no. 2121)

MARC details
000 -CABECERA
campo de control de longitud fija 01724nam a2200301 a 4500
001 - NÚMERO DE CONTROL
campo de control BRCA_2380
005 - FECHA Y HORA DE LA ÚLTIMA TRANSACCIÓN
campo de control 20190320203801.0
008 - DATOS DE LONGITUD FIJA--INFORMACIÓN GENERAL
campo de control de longitud fija 071108s1897----sp-#---###---#000-0#spa-u
041 ## - CÓDIGO DE LENGUA
Código de lengua del texto/banda sonora o título independiente spa
044 ## - CÓDIGO DEL PAÍS DE LA ENTIDAD EDITORA/PRODUCTORA
Código MARC del país sp
084 ## - OTRO NÚMERO DE CLASIFICACIÓN
Número de clasificación 021
Número de documento/Ítem .M67
-- 1897 F1615
100 1# - ENTRADA PRINCIPAL--NOMBRE DE PERSONA
Nombre de persona Cervantes Saavedra, Miguel de
Fechas asociadas al nombre 1547-1616
9 (RLIN) 213
245 10 - MENCIÓN DE TÍTULO
Título Segunda parte del Ingenioso Caballero Don Quixote de la Mancha
Resto del título dirigida a don Pedro Fernández de Castro, Conde de Lemos
Mención de responsabilidad, etc. por Miguel de Cervantes Saavedra, autor de su primera parte.
260 ## - PUBLICACIÓN, DISTRIBUCIÓN, ETC.
Lugar de publicación, distribución, etc. Barcelona
Nombre del editor, distribuidor, etc. Montaner y Simón
Fecha de publicación, distribución, etc. 1897
300 ## - DESCRIPCIÓN FÍSICA
Extensión 1 v. (sin paginación)
Dimensiones 23 cm.
500 ## - NOTA GENERAL
Nota general Contenido : Escudo con el mote Post tenebras spero lucem. Tasa. Fe de erratas. Aprovación del Dr. Gutierre Cetina. Aprobación de M. Joseph Valdivieso. Aprovación del Lic. Márquez Torres. Privilegio. Prólogo del autpr. Dedicatoria del autor al Conde de Lemos. Texto
500 ## - NOTA GENERAL
Nota general Facsímil de : Segunda parte del Ingeniso Cavallero Don Quixote de la Mancha. Madrid: Juan de la Cuesta, 1615
500 ## - NOTA GENERAL
Nota general Segundo facsímile de la segunda parte de la edición príncipe, publicado por Montaner y Simón, en Barcelona, el año de 1897. Ejemplar bien conservado, encuadernado en fina piel parda; escudo de la primera parte grabado en la tapa Lúdovik Osterc
500 ## - NOTA GENERAL
Nota general Con ex-libris de : Biblioteca de Santiago Magariños. 2798
500 ## - NOTA GENERAL
Nota general QM222
650 14 - PUNTO DE ACCESO ADICIONAL DE MATERIA--TÉRMINO DE MATERIA
Término de materia o nombre geográfico como elemento de entrada Novela española
Subdivisión cronológica Época clkásica, 1500-1700
9 (RLIN) 7080
650 14 - PUNTO DE ACCESO ADICIONAL DE MATERIA--TÉRMINO DE MATERIA
Término de materia o nombre geográfico como elemento de entrada Literatura española
Subdivisión cronológica Época clásica, 1500-1700
9 (RLIN) 216
650 14 - PUNTO DE ACCESO ADICIONAL DE MATERIA--TÉRMINO DE MATERIA
Término de materia o nombre geográfico como elemento de entrada Novela española
Subdivisión cronológica Siglo XVII
9 (RLIN) 217
650 14 - PUNTO DE ACCESO ADICIONAL DE MATERIA--TÉRMINO DE MATERIA
Término de materia o nombre geográfico como elemento de entrada Don Quijote (Personaje ficticio)
Término indicativo de función/relación Novela
9 (RLIN) 218
740 0# - PUNTO DE ACCESO ADICIONAL--TÍTULO RELACIONADO O ANALÍTICO NO CONTROLADO
Título relacionado o analítico no controlado El Ingenioso Hidalgo Don Quijote de la Mancha
902 ## - CATALOGADOR
Iniciales QFM
942 ## - ELEMENTOS DE PUNTO DE ACCESO ADICIONAL (KOHA)
Fuente del sistema de clasificación o colocación Library of Congress Classification
Tipo de ítem Koha Libros
Holdings
Estado de retiro Estado de pérdida Estado dañado No para préstamo Localización permanente Ubicación/localización actual Fecha de adquisición Número de inventario Total de préstamos Signatura topográfica completa Código de barras Fecha visto por última vez Precio válido a partir de Tipo de ítem Koha
El ejemplar forma parte de la colección y puede ser consultado según las políticas vigentes.       Biblioteca del Museo Franz Mayer (Rogerio Casas-Alatriste) Biblioteca del Museo Franz Mayer (Rogerio Casas-Alatriste) 07/11/2008 QM222   021 .M67 1897 F1615 (QM222) 2377 22/03/2019 22/03/2019 Libros